000 00581nam a2200181 i 4500
001 107579
003 ES-MaACL
005 20230906184441.0
007 t|
008 061121s1908 po af |||| | fre d
100 1 _aMoreira Freire, J.
_983227
245 1 0 _aSolution d'un probléme d'Art
_b: peintures et patrie de Memling /
_cJ, Moreira Freire.
246 3 0 _aPeintures et patrie de Memling
260 _aLisbonne :
_b[s.n.],
_c1908 (
_fImp. Estevao Nunes & Filhos)
300 _a55 p., 14 lám. ;
_c23 cm.
600 1 4 _aMemling, Hans.
_9150543
852 _aES-MaACL
_jT-1175-F-4
999 _c107579
_d107579